Normal view
MARC view
- NUMBER THEORY IN SCIENCE AND COMMUNICATION.CRYPOGRAPHY. PHYSICS. DIGITAL INFORMATION. COMPUTING
Entry Topical Term
001 - CONTROL NUMBER
- control field: 61428
003 - CONTROL NUMBER IDENTIFIER
- control field: NUST
005 - DATE AND TIME OF LATEST TRANSACTION
- control field: 20210628202742.0
008 - FIXED-LENGTH DATA ELEMENTS
- fixed length control field: 210628|| aca||aabn | a|a d
040 ## - CATALOGING SOURCE
- Original cataloging agency: NUST
- Transcribing agency: NUST
150 ## - HEADING--TOPICAL TERM
- Topical term or geographic name entry element: NUMBER THEORY IN SCIENCE AND COMMUNICATION.CRYPOGRAPHY. PHYSICS. DIGITAL INFORMATION. COMPUTING
670 ## - SOURCE DATA FOUND
- Source citation: Work cat.: (NUST): Schroeder, Manfred.R 61427, Number theory in science and communication with applications in crypography, physics digital information, computing and self similarity, 2006
